Coming up against a brick wall (Record no. 82333)

MARC details
000 -LEADER
fixed length control field 00635cab a2200193 4500
001 - CONTROL NUMBER
control field L149928
008 - FIXED-LENGTH DATA ELEMENTS--GENERAL INFORMATION
fixed length control field 100517n20100424 000 0 eng u
035 ## - SYSTEM CONTROL NUMBER
System control number (Sirsi) u149928
041 0# - LANGUAGE CODE
Language code of text/sound track or separate title eng
100 1# - MAIN ENTRY--PERSONAL NAME
Personal name Collingnon, Laura
245 00 - TITLE STATEMENT
Title Coming up against a brick wall
260 ## - PUBLICATION, DISTRIBUTION, ETC.
Date of publication, distribution, etc. 2010
490 #0 - SERIES STATEMENT
Series statement Estates Gazette
Volume/sequential designation (1016) 24 April 2010, 100 (1)
520 ## - SUMMARY, ETC.
Summary, etc. Van Maanen v West Greenwich Development PLC (unreported) which held that an adjoining owners surveyor has no legal standing to sue the building owner for his fees.
590 ## - LOCAL NOTE (RLIN)
Local note KA
651 #4 - SUBJECT ADDED ENTRY--GEOGRAPHIC NAME
Geographic name United Kingdom
Chronological subdivision
690 ## - LOCAL SUBJECT ADDED ENTRY--TOPICAL TERM (OCLC, RLIN)
Topical term or geographic name as entry element PARTY WALL ETC ACT 1996
942 ## - ADDED ENTRY ELEMENTS (KOHA)
Suppress in OPAC 0
Holdings
Withdrawn status Lost status Source of classification or shelving scheme Damaged status Not for loan Home library Current library Shelving location Date acquired Total Checkouts Full call number Barcode Date last seen Copy number Price effective from Koha item type
    Dewey Decimal Classification     London London Journal article 17/05/2010   L149928 149928-1001 06/08/2019 1 06/08/2019 Journal article